000
002400000a22000970004500
100
1
_a
Green, Ricardo A.
245
1
0
_a
La pregunta : ¿Me amas?
300
_a
Vol. 9, Núm 49 (1997), Páginas 10
773
0
_t
Impacto Presbiteriano
942
_c
ANA
999
_c
51059
_d
51059